Формирование карбонатных платформ в Западно-Сибирском палеоокеане в венде-кембрии; Творчество юных - шаг в успешное будущее

מידע ביבליוגרפי
Parent link:Творчество юных - шаг в успешное будущее.— 2014.— [С. 94-97]
מחבר ראשי: Нестерова А. С.
מחבר תאגידי: Национальный исследовательский Томский политехнический университет (ТПУ) Институт природных ресурсов (ИПР) Кафедра геологии и разведки полезных ископаемых (ГРПИ)
מחברים אחרים: Ковешников А. Е. Александр Евгеньевич (научный руководитель)
סיכום:Заглавие с титульного экрана
שפה:רוסית
יצא לאור: 2014
סדרה:Роль воды в развитии жизни Земли и формировании ее минеральных ресурсов
נושאים:
גישה מקוונת:http://www.lib.tpu.ru/fulltext/c/2015/C66/033.pdf
פורמט: אלקטרוני Book Chapter
KOHA link:https://koha.lib.tpu.ru/cgi-bin/koha/opac-detail.pl?biblionumber=612451

MARC

LEADER 00000naa2a2200000 4500
001 612451
005 20231101132716.0
035 |a (RuTPU)RU\TPU\conf\10573 
035 |a RU\TPU\conf\10568 
090 |a 612451 
100 |a 20150616d2014 k y0rusy50 ca 
101 0 |a rus 
102 |a RU 
105 |a y z 101zy 
135 |a drcn ---uucaa 
181 0 |a i  
182 0 |a b 
200 1 |a Формирование карбонатных платформ в Западно-Сибирском палеоокеане в венде-кембрии  |f А. С. Нестерова  |g науч. рук. А. Е. Ковешников 
203 |a Текст  |c электронный 
225 1 |a Роль воды в развитии жизни Земли и формировании ее минеральных ресурсов 
230 |a 1 компьютерный файл (pdf; 707 Кб) 
300 |a Заглавие с титульного экрана 
320 |a [Библиогр.: с. 96-97 (6 назв.)] 
337 |a Adobe Reader 
463 0 |0 (RuTPU)RU\TPU\conf\10372  |t Творчество юных - шаг в успешное будущее  |o материалы VII Всероссийской научной студенческой конференции с элементами научной школы имени профессора М.К. Коровина, г. Томск, 10-14 ноября 2014 г.  |f Национальный исследовательский Томский политехнический университет (ТПУ) ; под ред. А. Ю. Дмитриева  |v [С. 94-97]  |d 2014 
610 1 |a труды учёных ТПУ 
610 1 |a электронный ресурс 
610 1 |a карбонатные платформы 
610 1 |a палеоокеаны 
610 1 |a венды 
610 1 |a кембрий 
610 1 |a Западно-Сибирский регион 
700 1 |a Нестерова  |b А. С. 
702 1 |a Ковешников  |b А. Е.  |c геолог  |c доцент Томского политехнического университета, кандидат геолого-минералогических наук  |f 1953-  |g Александр Евгеньевич  |2 stltpush  |4 727 
712 0 2 |a Национальный исследовательский Томский политехнический университет (ТПУ)  |b Институт природных ресурсов (ИПР)  |b Кафедра геологии и разведки полезных ископаемых (ГРПИ)  |h 2181  |2 stltpush  |3 (RuTPU)RU\TPU\col\18660 
801 2 |a RU  |b 63413507  |c 20161014  |g RCR 
856 4 |u http://www.lib.tpu.ru/fulltext/c/2015/C66/033.pdf 
942 |c BK